000 00565pab a2200217 454500
008 180718b2011 xxu||||| |||| 00| 0 eng d
100 _aFerraz, Claudio
245 _aElectoral accountability and corruption: Evidence from the audits of local governments
260 _c2011
300 _ap.1274-1311.
362 _aJul
650 _aAudit
650 _aLocal government
650 _aElections
650 _aAccountability
650 _aCorruption
700 _aFinan, Frederico
773 _aAmerican Economic Review
908 _aN
909 _a93045
999 _c93045
_d93045